000 00232nam a22000857a 4500
008 170110b xxu||||| |||| 00| 0 eng d
100 _92291
_aSharma. R
245 _aFrank Environment Education-6
260 _aNew Delhi
_bFrank Brothers
_c2006
999 _c5190
_d5190